[Event "2BLS 2122 SV Worms 1878 - SV 1947 Walld"]
[Site "?"]
[Date "2022.07.03"]
[Round "10.8"]
[White "Helbig, Daniel"]
[Black "Hauser, Carlos"]
[Result "1/2-1/2"]
[WhiteElo "2227"]
[BlackElo "2249"]
[PlyCount "98"]
[EventDate "2022.??.??"]

1. g3 d5 2. Nf3 Nf6 3. d3 c5 4. Bg2 Nc6 5. O-O g6 6. c3 Bg7 7. Qa4 O-O 8. Qh4
e5 9. Bg5 Qd6 10. Na3 Ne8 11. e4 f6 12. exd5 Ne7 13. Be3 Nf5 14. Qe4 Nxe3 15.
Qxe3 Qxd5 16. Nc4 Qd8 17. Qxc5 b6 18. Qe3 Ba6 19. Nfd2 Rc8 20. a4 Bxc4 21. Nxc4
Nd6 22. a5 Nxc4 23. dxc4 f5 24. axb6 axb6 25. Ra6 e4 26. Qxb6 Qxb6 27. Rxb6
Rxc4 28. Rd1 Rc7 29. Bf1 Bf6 30. Rbd6 Rb8 31. Rd8+ Rxd8 32. Rxd8+ Kg7 33. Rd1
Kf7 34. Bb5 Bg7 35. Kf1 Ke7 36. Ke2 Rb7 37. Rd5 Ke6 38. Bc4 Ke7 39. Rb5 Rxb5
40. Bxb5 Bh6 41. f3 Bc1 42. b3 exf3+ 43. Kxf3 Bd2 44. c4 Kd6 45. Be8 g5 46. h3
g4+ 47. hxg4 fxg4+ 48. Kxg4 Kc5 49. Kf5 h6 {(=)} 1/2-1/2

[Event "2BLS 2122 TSV Schönaich - SC Eppingen"]
[Site "?"]
[Date "2022.07.03"]
[Round "10.1"]
[White "Noe, Christopher"]
[Black "Krassowizkij, Jaroslaw"]
[Result "1/2-1/2"]
[WhiteElo "2513"]
[BlackElo "2431"]
[PlyCount "56"]
[EventDate "2022.??.??"]

1. d4 d5 2. c4 e6 3. Nc3 Nf6 4. Nf3 c5 5. e3 Nc6 6. Ne5 cxd4 7. exd4 Be7 8. Be2
dxc4 9. Nxc6 bxc6 10. Bxc4 a5 11. O-O Ba6 12. Qf3 Nd5 13. Bxa6 Rxa6 14. Na4 O-O
15. Rd1 Qc7 16. Bd2 Nb6 17. Nc3 Nd5 18. Na4 Nb6 19. Nc3 Nd5 20. Rac1 Nxc3 21.
Rxc3 Rd8 22. Qe4 Rd5 23. Rh3 g6 24. Bf4 Qd8 25. Be5 Bf6 26. Re1 Rb6 27. b3 Rb4
28. Qc2 Bxe5 {(=)} 1/2-1/2

[Event "2BLS 2122 TSV Schönaich - SC Eppingen"]
[Site "?"]
[Date "2022.07.03"]
[Round "10.2"]
[White "Doric, Darko"]
[Black "Medvegy, Zoltan"]
[Result "1/2-1/2"]
[WhiteElo "2478"]
[BlackElo "2528"]
[PlyCount "20"]
[EventDate "2022.??.??"]

1. d4 e6 2. e4 d5 3. exd5 exd5 4. Nf3 Bd6 5. Bd3 Ne7 6. O-O O-O 7. Nc3 c6 8.
Re1 Bf5 9. Ne2 Re8 10. Bf4 Bxd3 1/2-1/2

[Event "2BLS 2122 TSV Schönaich - SC Eppingen"]
[Site "?"]
[Date "2022.07.03"]
[Round "10.4"]
[White "Koelle, Tobias"]
[Black "Gibicar, Danijel"]
[Result "1/2-1/2"]
[WhiteElo "2443"]
[BlackElo "2285"]
[PlyCount "63"]
[EventDate "2022.??.??"]

1. d4 Nf6 2. c4 c5 3. d5 b5 4. cxb5 a6 5. bxa6 g6 6. Nc3 Bg7 7. e4 O-O 8. a7
Rxa7 9. a4 d6 10. Bb5 e6 11. dxe6 Bxe6 12. Nge2 Na6 13. O-O Nc7 14. Bf4 Nxb5
15. Nxb5 Rd7 16. Qc2 Re8 17. Nec3 d5 18. exd5 Nxd5 19. Nxd5 Bxd5 20. Rae1 c4
21. Na3 Rxe1 22. Rxe1 Be6 23. h3 Qa5 24. Re2 Qb4 25. Be5 Bxe5 26. Rxe5 Rd2 27.
Qe4 Qxb2 28. Rxe6 fxe6 29. Qxe6+ Kg7 30. Qe7+ Kg8 31. Qe8+ Kg7 32. Qe7+ 1/2-1/2

[Event "2BLS 2122 TSV Schönaich - SC Eppingen"]
[Site "?"]
[Date "2022.07.03"]
[Round "10.5"]
[White "Cofmann, Veaceslav"]
[Black "Saric, Ante"]
[Result "0-1"]
[WhiteElo "2330"]
[BlackElo "2512"]
[PlyCount "74"]
[EventDate "2022.??.??"]

1. d4 Nf6 2. c4 e6 3. Nf3 d5 4. Nc3 dxc4 5. e3 a6 6. a4 c5 7. Bxc4 Nc6 8. O-O
Be7 9. Be2 O-O 10. dxc5 Bxc5 11. Qc2 Qe7 12. Nd2 Bd7 13. Nce4 Nxe4 14. Nxe4 Bb4
15. Bd2 Rac8 16. Nc3 Na5 17. Qe4 Nb3 18. Nd5 exd5 19. Qxb4 Qxb4 20. Bxb4 Nxa1
21. Bxf8 Kxf8 22. Rxa1 Rc2 23. Bf3 Rxb2 24. Bxd5 Bxa4 25. g3 Bd7 26. f4 Rb5 27.
Rd1 Ke7 28. Rd4 Be6 29. Bf3 Rb1+ 30. Kg2 Rb2+ 31. Kg1 b5 32. g4 a5 33. f5 Bd7
34. Bd5 a4 35. Bxf7 Bxf5 36. gxf5 Kxf7 37. Rd7+ Kf6 0-1

[Event "2BLS 2122 TSV Schönaich - SC Eppingen"]
[Site "?"]
[Date "2022.07.03"]
[Round "10.6"]
[White "Plenca, Julijan"]
[Black "Mann, Christian"]
[Result "0-1"]
[WhiteElo "2451"]
[BlackElo "2395"]
[PlyCount "74"]
[EventDate "2022.??.??"]

1. e4 e6 2. d4 d5 3. Nd2 Be7 4. Ngf3 Nf6 5. Bd3 c5 6. e5 Nfd7 7. c3 b6 8. Qe2
a5 9. Nf1 Ba6 10. Bxa6 Nxa6 11. Ng3 cxd4 12. Nxd4 Qc7 13. f4 Qc4 14. O-O Qxe2
15. Ngxe2 Nac5 16. Nb5 Rc8 17. Ned4 Nd3 18. Rb1 Nxc1 19. Rbxc1 O-O 20. Rce1 g6
21. g4 Rfe8 22. Kg2 Bf8 23. Rf3 a4 24. h4 Nc5 25. h5 Ne4 26. Rh1 g5 27. h6 a3
28. b4 gxf4 29. Ne2 f6 30. Rh5 fxe5 31. Rxe5 Bxh6 32. Nxf4 Bg7 33. Rxe6 Rxe6
34. Nxe6 Bxc3 35. Nbc7 Be5 36. Nxd5 Rc2+ 37. Kg1 Bh2+ 0-1

[Event "2BLS 2122 TSV Schönaich - SC Eppingen"]
[Site "?"]
[Date "2022.07.03"]
[Round "10.7"]
[White "Bilchinski, Anton"]
[Black "Menezes, Christoph"]
[Result "1/2-1/2"]
[WhiteElo "2241"]
[BlackElo "2417"]
[PlyCount "37"]
[EventDate "2022.??.??"]

1. d4 Nf6 2. c4 e6 3. Nc3 Bb4 4. Qc2 O-O 5. a3 Bxc3+ 6. Qxc3 d5 7. Nf3 dxc4 8.
Qxc4 b6 9. Bg5 Ba6 10. Qa4 h6 11. Bh4 Qe7 12. Rc1 Rc8 13. e3 Bxf1 14. Rxf1 c5
15. dxc5 Rxc5 16. Rxc5 Qxc5 17. Bxf6 gxf6 18. Ke2 Nc6 19. Rd1 {(=)} 1/2-1/2

[Event "2BLS 2122 TSV Schönaich - SC Eppingen"]
[Site "?"]
[Date "2022.07.03"]
[Round "10.8"]
[White "Richter, Nils"]
[Black "Hamid, Emran"]
[Result "1/2-1/2"]
[WhiteElo "2359"]
[BlackElo "2188"]
[PlyCount "37"]
[EventDate "2022.??.??"]

1. d4 Nf6 2. c4 e6 3. g3 Bb4+ 4. Nd2 O-O 5. Bg2 d5 6. Ngf3 Be7 7. O-O b6 8.
cxd5 exd5 9. Nb1 Bb7 10. Nc3 Nbd7 11. Bf4 Nh5 12. e3 Nxf4 13. exf4 Nf6 14. Ne5
c5 15. Re1 Rb8 16. Rc1 a6 17. dxc5 bxc5 18. Qa4 Bd6 19. b3 {(=)} 1/2-1/2

[Event "2BLS 2122 Stuttgarter SF - SC Böblinge"]
[Site "?"]
[Date "2022.07.03"]
[Round "10.1"]
[White "Kuklin, Valentin"]
[Black "Schitco, Ivan"]
[Result "0-1"]
[WhiteElo "2382"]
[BlackElo "2472"]
[PlyCount "78"]
[EventDate "2022.??.??"]

1. e4 c5 2. Nf3 d6 3. d4 cxd4 4. Nxd4 Nf6 5. Nc3 Nc6 6. Be2 g6 7. Be3 Bg7 8.
Qd2 Ng4 9. Bxg4 Bxg4 10. Nxc6 bxc6 11. Bh6 Bf6 12. Bg5 Bg7 13. Bh6 Bf6 14. Bg5
Bxg5 15. Qxg5 Be6 16. O-O f6 17. Qd2 Qa5 18. Qd3 O-O 19. b3 Bf7 20. f4 Rad8 21.
Na4 d5 22. Rae1 dxe4 23. Qxe4 Rd2 24. Re2 Rfd8 25. Rff2 Rd1+ 26. Rf1 Rxf1+ 27.
Kxf1 Rd1+ 28. Kf2 Qh5 29. Kg3 e5 30. Nc3 Bd5 31. Qe3 Rd4 32. Kf2 Qxh2 33. Nxd5
cxd5 34. fxe5 Qh4+ 35. g3 Qh2+ 36. Ke1 Qh1+ 37. Kf2 Rd1 38. Re1 Rxe1 39. Qxe1
Qxe1+ 0-1

[Event "2BLS 2122 Stuttgarter SF - SC Böblinge"]
[Site "?"]
[Date "2022.07.03"]
[Round "10.2"]
[White "Macovei, Andrei"]
[Black "Seitz, Patrick"]
[Result "1-0"]
[WhiteElo "2470"]
[BlackElo "2171"]
[PlyCount "77"]
[EventDate "2022.??.??"]

1. e4 c5 2. Nf3 Nc6 3. Bb5 g6 4. Bxc6 dxc6 5. d3 Bg7 6. h3 Nf6 7. Nc3 b6 8. Be3
h6 9. Qd2 Be6 10. d4 cxd4 11. Nxd4 Qd7 12. O-O-O Bc4 13. b3 c5 14. Nf3 Ba6 15.
Qxd7+ Nxd7 16. Nd5 Rc8 17. Bf4 Be2 18. Rd2 Bxf3 19. gxf3 Ne5 20. Rhd1 e6 21.
Bxe5 Bxe5 22. Ne3 Bd4 23. Nc4 O-O 24. Nd6 Rcd8 25. Nb5 Bf6 26. Rxd8 Rxd8 27.
Rxd8+ Bxd8 28. Nxa7 Kg7 29. Kd2 Kf6 30. f4 g5 31. Ke3 Bc7 32. e5+ Kf5 33. fxg5
hxg5 34. Nc6 Bxe5 35. Nxe5 Kxe5 36. a4 Kf5 37. c3 e5 38. b4 Ke6 39. bxc5 1-0

[Event "2BLS 2122 Stuttgarter SF - SC Böblinge"]
[Site "?"]
[Date "2022.07.03"]
[Round "10.4"]
[White "Neyman, Igor"]
[Black "Tran, Thanh Kien"]
[Result "1-0"]
[WhiteElo "2344"]
[BlackElo "2136"]
[PlyCount "71"]
[EventDate "2022.??.??"]

1. d4 Nf6 2. c4 c5 3. d5 d6 4. Nc3 g6 5. e4 Bg7 6. Bd3 e6 7. h3 exd5 8. cxd5
O-O 9. Nf3 b5 10. Nxb5 Nxe4 11. Bxe4 Re8 12. Ng5 Qa5+ 13. Nc3 Ba6 14. f3 f5 15.
Bd2 Qd8 16. Bf4 fxe4 17. Ncxe4 Bxb2 18. Kf2 Nd7 19. Ne6 Rxe6 20. dxe6 Nf6 21.
Nxf6+ Qxf6 22. Rb1 Bd4+ 23. Be3 Bxe3+ 24. Kxe3 Qxe6+ 25. Kf2 Re8 26. Qd2 Qe2+
27. Qxe2 Rxe2+ 28. Kg3 d5 29. Rhe1 Rxe1 30. Rxe1 c4 31. Rd1 Kf7 32. Rxd5 Ke6
33. Ra5 Bb7 34. Rxa7 Bc6 35. Kf4 c3 36. Ke3 1-0

[Event "2BLS 2122 Stuttgarter SF - SC Böblinge"]
[Site "?"]
[Date "2022.07.03"]
[Round "10.6"]
[White "Strunski, Andreas"]
[Black "Martaler, Jewgeni"]
[Result "1-0"]
[WhiteElo "2331"]
[BlackElo "2177"]
[PlyCount "67"]
[EventDate "2022.??.??"]

1. d4 f5 2. c4 e6 3. Nc3 Nf6 4. Nf3 d5 5. Bf4 c6 6. e3 Be7 7. Bd3 O-O 8. Qc2
Ne4 9. g4 Na6 10. a3 Qa5 11. Ke2 g5 12. Bg3 Nxc3+ 13. bxc3 dxc4 14. Bxc4 f4 15.
exf4 gxf4 16. Bh4 Bxh4 17. Nxh4 Nc7 18. Bd3 Rf7 19. Nf3 Nd5 20. c4 Nc3+ 21. Kf1
Bd7 22. Rc1 Na4 23. c5 Raf8 24. h4 Rg7 25. g5 e5 26. Qb3+ Kh8 27. Nxe5 f3 28.
Nc4 Qc7 29. Qxa4 Qf4 30. Qc2 Qxd4 31. Qc3 Qf4 32. Re1 Bc8 33. Re7 Rff7 34. Re4
1-0

[Event "2BLS 2122 Stuttgarter SF - SC Böblinge"]
[Site "?"]
[Date "2022.07.03"]
[Round "10.7"]
[White "Schuh, Karsten"]
[Black "Beyer, Christian"]
[Result "1/2-1/2"]
[WhiteElo "2160"]
[BlackElo "2292"]
[PlyCount "77"]
[EventDate "2022.??.??"]

1. Nf3 d5 2. c4 e6 3. g3 Nf6 4. Bg2 c5 5. O-O Nc6 6. b3 Be7 7. e3 O-O 8. Bb2 b6
9. Nc3 Bb7 10. cxd5 Nxd5 11. Nxd5 Qxd5 12. d4 Rad8 13. Ne5 Qd6 14. dxc5 Qxd1
15. Rfxd1 Nxe5 16. Bxb7 Nd3 17. c6 Nxb2 18. Rxd8 Bxd8 19. Ba6 b5 20. Bxb5 Bf6
21. Rc1 Rc8 22. Kf1 g5 23. f4 gxf4 24. gxf4 Rc7 25. Ke2 Kf8 26. Ba6 Bg7 27. Bb7
f5 28. Rc5 Ke7 29. Ra5 Kd6 30. Rxa7 Bf6 31. Ra8 Rg7 32. Kf3 Nd3 33. Rf8 Ne1+
34. Ke2 Bc3 35. Rd8+ Kc7 36. Rc8+ Kd6 37. Rd8+ Kc7 38. Rc8+ Kd6 39. Rd8+
1/2-1/2